<?xml version="1.0" encoding="UTF-8"?>
<record
    xmlns:xsi="http://www.w3.org/2001/XMLSchema-instance"
    xsi:schemaLocation="http://www.loc.gov/MARC21/slim http://www.loc.gov/standards/marcxml/schema/MARC21slim.xsd"
    xmlns="http://www.loc.gov/MARC21/slim">

  <leader>01322nam a22002297a 4500</leader>
  <controlfield tag="003">NALT</controlfield>
  <controlfield tag="005">20250227151756.0</controlfield>
  <controlfield tag="008">200622b        th ||||| |||| 00| 0 tha d</controlfield>
  <datafield tag="040" ind1=" " ind2=" ">
    <subfield code="a">NALT</subfield>
  </datafield>
  <datafield tag="090" ind1=" " ind2=" ">
    <subfield code="a">IS 10/2560 15</subfield>
  </datafield>
  <datafield tag="100" ind1="0" ind2=" ">
    <subfield code="9">45561</subfield>
    <subfield code="a">&#xE1A;&#xE38;&#xE0D;&#xE1B;&#xE25;&#xE39;&#xE01; &#xE1B;&#xE25;&#xE31;&#xE48;&#xE07;&#xE28;&#xE23;&#xE35;&#xE2A;&#xE01;&#xE38;&#xE25;</subfield>
  </datafield>
  <datafield tag="245" ind1="1" ind2="0">
    <subfield code="a">&#xE28;&#xE36;&#xE01;&#xE29;&#xE32;&#xE04;&#xE27;&#xE32;&#xE21;&#xE1E;&#xE23;&#xE49;&#xE2D;&#xE21;&#xE02;&#xE2D;&#xE07;&#xE27;&#xE34;&#xE17;&#xE22;&#xE32;&#xE01;&#xE23; &#xE01;&#xE25;&#xE38;&#xE48;&#xE21;&#xE07;&#xE32;&#xE19;&#xE1A;&#xE23;&#xE23;&#xE13;&#xE32;&#xE18;&#xE34;&#xE01;&#xE32;&#xE23;&#xE41;&#xE25;&#xE30;&#xE40;&#xE17;&#xE04;&#xE42;&#xE19;&#xE42;&#xE25;&#xE22;&#xE35;&#xE08;&#xE31;&#xE14;&#xE01;&#xE32;&#xE23;&#xE1E;&#xE34;&#xE21;&#xE1E;&#xE4C; &#xE2A;&#xE33;&#xE19;&#xE31;&#xE01;&#xE01;&#xE32;&#xE23;&#xE1E;&#xE34;&#xE21;&#xE1E;&#xE4C; &#xE43;&#xE19;&#xE01;&#xE32;&#xE23;&#xE01;&#xE49;&#xE32;&#xE27;&#xE2A;&#xE39;&#xE48;&#xE01;&#xE32;&#xE23;&#xE40;&#xE1B;&#xE47;&#xE19; Digital Parliament &#xE41;&#xE25;&#xE30; Smart Parliament /</subfield>
    <subfield code="b">&#xE1A;&#xE38;&#xE0D;&#xE1B;&#xE25;&#xE39;&#xE01; &#xE1B;&#xE25;&#xE31;&#xE48;&#xE07;&#xE28;&#xE23;&#xE35;&#xE2A;&#xE01;&#xE38;&#xE25; ; &#xE2A;&#xE16;&#xE32;&#xE1A;&#xE31;&#xE19;&#xE1E;&#xE23;&#xE30;&#xE1B;&#xE01;&#xE40;&#xE01;&#xE25;&#xE49;&#xE32;.</subfield>
  </datafield>
  <datafield tag="260" ind1=" " ind2=" ">
    <subfield code="a">&#xE01;&#xE23;&#xE38;&#xE07;&#xE40;&#xE17;&#xE1E;&#xE2F; :</subfield>
    <subfield code="b">&#xE2A;&#xE16;&#xE32;&#xE1A;&#xE31;&#xE19;&#xE1E;&#xE23;&#xE30;&#xE1B;&#xE01;&#xE40;&#xE01;&#xE25;&#xE49;&#xE32;,</subfield>
    <subfield code="c">2560.</subfield>
  </datafield>
  <datafield tag="300" ind1=" " ind2=" ">
    <subfield code="a">53 &#xE2B;&#xE19;&#xE49;&#xE32; :</subfield>
    <subfield code="b">&#xE15;&#xE32;&#xE23;&#xE32;&#xE07; ;</subfield>
    <subfield code="c">29 &#xE0B;&#xE21;.</subfield>
  </datafield>
  <datafield tag="650" ind1=" " ind2="4">
    <subfield code="9">31949</subfield>
    <subfield code="a">&#xE27;&#xE34;&#xE17;&#xE22;&#xE32;&#xE01;&#xE23;</subfield>
  </datafield>
  <datafield tag="650" ind1=" " ind2="0">
    <subfield code="a">&#xE01;&#xE32;&#xE23;&#xE1E;&#xE34;&#xE21;&#xE1E;&#xE4C;</subfield>
    <subfield code="9">30544</subfield>
  </datafield>
  <datafield tag="710" ind1="2" ind2=" ">
    <subfield code="a">&#xE2A;&#xE16;&#xE32;&#xE1A;&#xE31;&#xE19;&#xE1E;&#xE23;&#xE30;&#xE1B;&#xE01;&#xE40;&#xE01;&#xE25;&#xE49;&#xE32;</subfield>
    <subfield code="9">2339</subfield>
  </datafield>
  <datafield tag="850" ind1=" " ind2=" ">
    <subfield code="a">NALT</subfield>
  </datafield>
  <datafield tag="942" ind1=" " ind2=" ">
    <subfield code="c">IS</subfield>
    <subfield code="2">local</subfield>
  </datafield>
  <datafield tag="998" ind1=" " ind2=" ">
    <subfield code="a">bijaya</subfield>
    <subfield code="b">phon</subfield>
    <subfield code="c">phon</subfield>
    <subfield code="j">8</subfield>
    <subfield code="k"> &#xE19;&#xE32;&#xE22;&#xE1A;&#xE31;&#xE13;&#xE11;&#xE34;&#xE15;  &#xE2D;&#xE38;&#xE17;&#xE32;&#xE27;&#xE07;&#xE04;&#xE4C;</subfield>
  </datafield>
  <datafield tag="999" ind1=" " ind2=" ">
    <subfield code="c">97086</subfield>
    <subfield code="d">97086</subfield>
  </datafield>
  <datafield tag="952" ind1=" " ind2=" ">
    <subfield code="0">0</subfield>
    <subfield code="1">0</subfield>
    <subfield code="2">local</subfield>
    <subfield code="4">0</subfield>
    <subfield code="7">0</subfield>
    <subfield code="8">CIS</subfield>
    <subfield code="a">NALT</subfield>
    <subfield code="b">NALT</subfield>
    <subfield code="c">IS</subfield>
    <subfield code="d">2020-06-22</subfield>
    <subfield code="l">3</subfield>
    <subfield code="m">2</subfield>
    <subfield code="o">IS 10/2560 15</subfield>
    <subfield code="p">3961210707</subfield>
    <subfield code="r">2025-03-13 00:00:00</subfield>
    <subfield code="s">2025-02-27</subfield>
    <subfield code="w">2020-06-22</subfield>
    <subfield code="y">IS</subfield>
  </datafield>
</record>
